Jóvenes cordobeses: una cartografía de su emocionalidad política /
Gespeichert in:
| 1. Verfasser: | |
|---|---|
| Format: | Text |
| Tags: |
Tag hinzufügen
Keine Tags, Fügen Sie den ersten Tag hinzu!
|
MARC
| LEADER | 00000 a a2200000 04500 | ||
|---|---|---|---|
| 001 | 45797 | ||
| 003 | |||
| 040 | |a CRAI/IIS |c CRAI/IIS | ||
| 100 | |a Bonvillani, Andrea | ||
| 245 | |a Jóvenes cordobeses: |b una cartografía de su emocionalidad política / |c Andrea Bonvillani | ||
| 773 | |g número32 (2010), páginas 27-43 | ||
| 999 | |c 18483 |d 18483 | ||
